| 000 | 00402nam a22001457a 4500 | ||
|---|---|---|---|
| 020 | _a9789699704017 | ||
| 082 |
_a222.11092 _bCHH |
||
| 100 | _aMuhammad Ashraf Chheenah, | ||
| 245 |
_aIsraelites vs other nations _cMuhammad Ashraf Chheenah, |
||
| 260 |
_aIslamabad: _bI.S.R.C; _c2012. |
||
| 300 | _a318p. | ||
| 563 | _aHB | ||
| 650 |
_aIsraelites _aother nations _9117992 |
||
| 942 |
_2ddc _cBK |
||
| 999 |
_c595261 _d595261 |
||